How to make your teaching count (Record no. 23728)

MARC details
000 -LEADER
campo de control de longitud fija 00610ntaaa2200205 4500
003 - IDENTIFICADOR DE NÚMERO DE CONTROL
campo de control 01
005 - FECHA Y HORA DE LA ÚLTIMA TRANSACCIÓN
campo de control 20251027202830.0
008 - DATOS DE LONGITUD FIJA--INFORMACIÓN GENERAL
campo de control de longitud fija 0714s1973 ag 01
040 ## - FUENTE DE CATALOGACIÓN
Centro catalogador/agencia de origen AR-BaBN
Lengua de catalogación spa
Centro/agencia transcriptor AR-BaBN
Normas de descripción aacr
Centro/agencia modificador RIC
082 ## - NÚMERO DE LA CLASIFICACIÓN DECIMAL DEWEY
Número de clasificación 268.6000 M22
100 ## - ENTRADA PRINCIPAL--NOMBRE DE PERSONA
Nombre de persona McMillin, Joe L
9 (RLIN) 28935
245 ## - MENCIÓN DEL TÍTULO
Título How to make your teaching count
250 ## - MENCION DE EDICION
Mención de edición 1 ed.
260 ## - PUBLICACIÓN, DISTRIBUCIÓN, ETC.
Lugar de publicación, distribución, etc. Nashville :
Nombre del editor, distribuidor, etc. Broadman Press,
Fecha de publicación, distribución, etc. c1965
300 ## - DESCRIPCIÓN FÍSICA
Extensión 55 p
500 ## - NOTA GENERAL
Nota general Nuevas posibilidades en la comprensión personal entre el maestro de la escuela dominical y sus alumnos
650 ## - PUNTO DE ACCESO ADICIONAL DE MATERIA--TÉRMINO DE MATERIA
Término de materia o nombre geográfico como elemento de entrada educación religiosa
9 (RLIN) 4601
650 ## - PUNTO DE ACCESO ADICIONAL DE MATERIA--TÉRMINO DE MATERIA
Término de materia o nombre geográfico como elemento de entrada enseñanza
9 (RLIN) 2886
942 ## - ELEMENTOS DE ENTRADA SECUNDARIOS (KOHA)
Tipo de ítem Koha Colección General
Holdings
Estatus retirado Estado de pérdida Estado de daño No para préstamo Biblioteca de origen Biblioteca actual Fecha de adquisición Número de inventario Total de préstamos Signatura topográfica completa Código de barras Visto por última vez Precio de reemplazo Tipo de ítem Koha
        Biblioteca Pluis Biblioteca Pluis 27/10/2025 21719   268.6000 M22 21719 27/10/2025 27/10/2025 Colección General